| 000 | 00713nam a22002417a 4500 | ||
|---|---|---|---|
| 003 | UA-OsUOA | ||
| 001 | 51367 | ||
| 007 | ta | ||
| 008 | 20140902b un ||||| |||| 00| 0 ukr d | ||
| 100 | _aСергійчук В. | ||
| 090 |
_a929.6-9 _bС32 |
||
| 942 | _cBR | ||
| 040 |
_aUA-OsUOA _bukr _cUA-OsUOA _dUA-OsUOA |
||
| 245 | _aДоля української національної символіки | ||
| 300 | _a46 с. | ||
| 955 | _a4 | ||
| 041 | _aukr | ||
| 080 | _a929.6-9 | ||
| 260 |
_aК. _c1990 |
||
| 650 | 7 |
_a9 Географія. Біографії. Історія _2UDC |
|
| 999 |
_c431494 _d431494 |
||